000 00577njm a2200205 i 4500
001 C2-0318710
003 PPAK
005 20180729163418.0
008 121014s2011 xxu|||| ||||| | eng d
020 _a9781455831685
040 _aPPAK
_beng
_cPPAK
_erda
245 0 0 _a1861 :
_bthe civil war awakening
264 1 _aUnited States :
_bBrilliance Audio ,
_c2011
336 _2rdacontent
_atext
337 _2rdamedia
_aunmediated
338 _2rdacarrier
_avolume
650 1 0 _aUnited States - History - Civil War,1861 -1865 - Causes
700 _eauthor
942 _ddc
_cB
999 _c163955
_d163955